| 000 | 01061nam a22002417a 4500 | ||
|---|---|---|---|
| 999 |
_c56918 _d56918 |
||
| 003 | Ge_BSU | ||
| 005 | 20190919103806.0 | ||
| 008 | 190619b2018 ge ||||| |||| 00| 0 geo d | ||
| 020 | _a9789941800078 | ||
| 041 | _ageo | ||
| 080 | _a574 (075.8) ე-56 | ||
| 100 |
_aელიავა, ირ. _92593 |
||
| 245 |
_aეკოლოგია : [სახელმძღვანელო] / _cირ. ელიავა, გ. ნახუცრიშვილი, გ. ქაჯაია . |
||
| 264 |
_aთბილისი : _bსაქ. მეცნ. ეროვნული აკადემიის სტამბა, _c2018. |
||
| 300 |
_a190 გვ. : _bსურ. ; _c 28 სმ. |
||
| 504 | _aბიბლიოგრ.: გვ. 184-185. | ||
| 653 | _aეკოლოგია | ||
| 653 | _aბიოლოგია | ||
| 700 |
_aნახუცრიშვილი, გ _91485 |
||
| 700 |
_aქაჯაია, გ _92594 |
||
| 710 |
_aსაქ. მეცნ. ეროვნული აკადემია. _91460 |
||
| 942 |
_2udc _cBK |
||